| 000 | 00630nam a22001457a 4500 | ||
|---|---|---|---|
| 020 | _a978-0-141-31719-9 | ||
| 082 |
_a823 _bFIN/R |
||
| 100 | _aFINE, ANNE | ||
| 245 | _aTHE RETURN OF THE KILLER CAT | ||
| 260 |
_aLONDON _bPENGUIN BOOKS _c2004 |
||
| 300 | _a72 | ||
| 520 | _aThe Killer Cat is back – and this time he's dangerous! Tuffy can't wait for Ellie and the family to go away on holiday. A week of freedom lies ahead – if only he can get away from the catsitter. But sweet-as-pie Melanie has always longed for a lovely, cuddly ickle pussykins, and Tuffy soon loses all his dignity. | ||
| 650 | _aSHORT STORY | ||
| 942 | _cBK | ||
| 999 |
_c6040 _d6040 |
||